Phát triển năng lực giao tiếp toán học cho học sinh trong dạy học cấp số cộng đại số và giải tích 11 : Luận văn Thạc sĩ Khoa học giáo dục. Chuyên ngành Lý luận và Phương pháp dạy học bộ môn Toán

Nghiên cứu cơ sở lý luận và thực tiễn, phát triển năng lực giao tiếp toán học cho học sinh trong dạy học cấp số cộng - đại số và giải tích 11.

Wedi'i Gadw mewn:
Manylion Llyfryddiaeth
Prif Awdur: Phạm, Thị Ái Minh
Fformat: Llyfr
Iaith:Undetermined
Cyhoeddwyd: Cần Thơ Trường Đại học Cần Thơ 2017
Pynciau:
Tagiau: Ychwanegu Tag
Dim Tagiau, Byddwch y cyntaf i dagio'r cofnod hwn!
Thư viện lưu trữ: Trung tâm Học liệu Trường Đại học Cần Thơ
LEADER 01159nam a2200205Ia 4500
001 CTU_224573
008 210402s9999 xx 000 0 und d
082 |a 510.712 
082 |b M312 
100 |a Phạm, Thị Ái Minh 
245 0 |a Phát triển năng lực giao tiếp toán học cho học sinh trong dạy học cấp số cộng đại số và giải tích 11 : 
245 0 |b Luận văn Thạc sĩ Khoa học giáo dục. Chuyên ngành Lý luận và Phương pháp dạy học bộ môn Toán 
245 0 |c Phạm Thị Ái Minh ; Nguyễn Phú Lộc (Cán bộ hướng dẫn) 
260 |a Cần Thơ 
260 |b Trường Đại học Cần Thơ 
260 |c 2017 
520 |a Nghiên cứu cơ sở lý luận và thực tiễn, phát triển năng lực giao tiếp toán học cho học sinh trong dạy học cấp số cộng - đại số và giải tích 11. 
650 |a Toán học,Mathematics 
650 |x Dạy và học (Trung học),Study and teaching (Secondary) 
980 |a Trung tâm Học liệu Trường Đại học Cần Thơ